|
|
|
|
| LEADER |
00000nas a2200000 a 4500 |
| 001 |
ssj0001454158 |
| 003 |
WaSeSS |
| 005 |
20200512172242.0 |
| 006 |
m d |
| 007 |
cr n |
| 008 |
080328c20079999nyuuu s 0 a0eng c |
| 010 |
|
|
|a 2008248047
|
| 022 |
|
|
|l 1944-1274
|y 1944-1274
|
| 035 |
|
|
|a (WaSeSS)ssj0001454158
|
| 037 |
|
|
|b Nova Science Publishers, 400 Oser Ave # 1600, Hauppauge, NY 11788
|
| 040 |
|
|
|a NYP
|b eng
|c NYP
|d DLC
|d OCLCQ
|d OCLCO
|d OCLCF
|d OCLCO
|d OCL
|d OCLCO
|d WaSeSS
|
| 042 |
|
|
|a pcc
|a nsdp
|
| 043 |
|
|
|a n-us---
|a n-cn---
|a n-mx---
|
| 050 |
0 |
0 |
|a E839.5
|b .C87
|
| 082 |
1 |
0 |
|a 330
|2 14
|
| 222 |
|
0 |
|a Current politics and economics of the United States, Canada and Mexico
|
| 245 |
0 |
0 |
|a Current politics and economics of the United States, Canada and Mexico
|h [electronic resource].
|
| 260 |
|
|
|a Hauppauge, NY :
|b Nova Science Publishers
|
| 362 |
1 |
|
|a Began with: Vol. 8, no. 1/2 (2007).
|
| 506 |
|
|
|a License restrictions may limit access.
|
| 588 |
|
|
|a Description based on: Vol. 8, no. 1/2 (2007); title from cover.
|
| 588 |
|
|
|a Latest issue consulted: V. 10, no. 1 (2008).
|
| 648 |
|
7 |
|a Since 1945
|2 fast
|
| 650 |
|
7 |
|a Economic history.
|2 fast
|0 (OCoLC)fst00901974
|
| 650 |
|
7 |
|a Politics and government
|2 fast
|0 (OCoLC)fst01919741
|
| 651 |
|
0 |
|a United States
|x Politics and government
|y 1989-
|v Periodicals.
|
| 651 |
|
0 |
|a United States
|x Economic conditions
|y 1945-
|v Periodicals.
|
| 651 |
|
0 |
|a Canada
|x Politics and government
|y 1980-
|v Periodicals.
|
| 651 |
|
0 |
|a Canada
|x Economic conditions
|y 1945-
|v Periodicals.
|
| 651 |
|
0 |
|a Mexico
|x Politics and government
|y 1988-
|v Periodicals.
|
| 651 |
|
0 |
|a Mexico
|x Economic conditions
|y 1994-
|v Periodicals.
|
| 651 |
|
7 |
|a Canada.
|2 fast
|0 (OCoLC)fst01204310
|
| 651 |
|
7 |
|a Mexico.
|2 fast
|0 (OCoLC)fst01211700
|
| 651 |
|
7 |
|a United States.
|2 fast
|0 (OCoLC)fst01204155
|
| 655 |
|
0 |
|a Electronic journals.
|
| 780 |
0 |
0 |
|t Current politics and economics of the United States
|x 1098-4143
|w (DLC) 98640945
|w (OCoLC)31699118
|
| 850 |
|
|
|a DLC
|
| 856 |
4 |
0 |
|z Full text available from Research Library: 01/01/2011 to present
|u https://search.proquest.com/publication/2034879
|